Pigmalion /
Guardado en:
| Autor Principal: | |
|---|---|
| Formato: | Libro |
| Publicado: |
Buenos Aires :
Ceal,
1969
|
| Series: | Biblioteca Basica Universal
|
| Materias: | |
| Etiquetas: |
Agregar Etiqueta
Sin Etiquetas, Sea el primero en etiquetar este registro!
|
| LEADER | 00544nam a22001935a 4500 | ||
|---|---|---|---|
| 001 | EHU.bham026421 | ||
| 003 | AR-BHAM | ||
| 005 | 20110509115642.0 | ||
| 008 | 130507s1969##################000#0#####d | ||
| 082 | 8 | 2 | |a 822.9 |
| 100 | 1 | |a Shaw, Bernard | |
| 245 | 1 | 0 | |a Pigmalion / |c Bernard Shaw |
| 260 | |a Buenos Aires : |b Ceal, |c 1969 | ||
| 300 | |a 91 p. | ||
| 490 | 0 | |a Biblioteca Basica Universal | |
| 500 | |a Trad. Por Floreal Mazia | ||
| 653 | |a Literatura inglesa | ||
| 653 | |a Teatro ingles | ||
| 859 | |a AR-BHAM |b BIB. HUMANIDADES - General |h 822.9 |i SH26-5 |p 47.04 |t Ej.1 | ||
